University Home | Library Home | Institutional Repository

The Aldrich library of infrared spectra / (Record no. 148177)

MARC details
000 -LEADER
fixed length control field 00829cam4a220024100 4500
001 - CONTROL NUMBER
control field tmp15682064
003 - CONTROL NUMBER IDENTIFIER
control field UPRA
005 - DATE AND TIME OF LATEST TRANSACTION
control field 20190823102654.0
008 - FIXED-LENGTH DATA ELEMENTS--GENERAL INFORMATION
fixed length control field 951003s1970 wiu eng u
035 ## - SYSTEM CONTROL NUMBER
System control number (Sirsi) r56765
035 ## - SYSTEM CONTROL NUMBER
System control number (UPRA)tmp15682064
040 ## - CATALOGING SOURCE
Transcribing agency UPRA
110 2# - MAIN ENTRY--CORPORATE NAME
Corporate name or jurisdiction name as entry element Aldrich Chemical Co.
Linkage A15610.1
245 14 - TITLE STATEMENT
Title The Aldrich library of infrared spectra /
Statement of responsibility, etc. by Charles J. Pouchert.
246 3# - VARYING FORM OF TITLE
Title proper/short title Aldrich library of infrared spectra
260 ## - PUBLICATION, DISTRIBUTION, ETC.
Place of publication, distribution, etc. [Milwaukee] :
Name of publisher, distributor, etc. Aldrich Chemical,
Date of publication, distribution, etc. 1970.
504 ## - BIBLIOGRAPHY, ETC. NOTE
Bibliography, etc. note Bibliography: p. 1203.
650 #0 - SUBJECT ADDED ENTRY--TOPICAL TERM
Topical term or geographic name entry element Infrared spectroscopy -- Tables.
General subdivision Infrared spectroscopy -- Tables.
Linkage S11217.1
700 1# - ADDED ENTRY--PERSONAL NAME
Personal name Pouchert, Charles J.
Linkage A15611.1
949 ## - LOCAL PROCESSING INFORMATION (OCLC)
a QC457
w lcc
i 33729001803357
m MAIN
p 2500
t BOOK
l ON-SHELF
949 ## - LOCAL PROCESSING INFORMATION (OCLC)
a QC457
w lcc
i -73902
m MAIN
t BOOK
l ON-SHELF

No items available.

© 2026 - The University of Zambia Library - Koha v25.11